| 000 | 01192nam a22002177a 4500 | ||
|---|---|---|---|
| 003 | OSt | ||
| 005 | 20201027105206.0 | ||
| 008 | 201026b 2007 dr 00| 0 eng d | ||
| 040 |
_aDO-SdBNP _bspa _cBNPHU |
||
| 245 | 0 | 0 |
_aEl referimiento civil, comercial, administrativo, de tierras y laboral / _cRafael Luciano Pichardo...[et al.] ; prólogo Manuel Bergés Chupani |
| 260 |
_aSanto Domingo : _bEdiciones Jurídicas Trajano Potentini, _c2007. |
||
| 300 |
_aviii, 234 p. ; _c23 cm. |
||
| 500 | _aAcademia de Ciencias de la República Dominicana, Comisión de Ciencias Jurídicas. | ||
| 505 | 0 |
_aPrólogo -- _tPresentación -- _tEl referimiento en materia civil -- _r Rafael Luciano Pichardo -- _tEl juez de referimiento -- _rMiguel A. Báez Brito _tEl referimiento en materia comercial, administrativo y de ley de tierras -- _rRafael Willamo Ortiz _tEl referimiento en materia laboral -- _rManuel Ramón Herrera Carbuccia |
|
| 700 | 1 |
_aRafael Luciano Pichardo _977032 |
|
| 700 | 1 |
_aBáez Brito, Miguel Antonio _977033 |
|
| 700 | 1 |
_aWillamo Ortiz, Rafael _977034 |
|
| 700 | 1 |
_aHerrera Carbuccia, Manuel Ramón _977035 |
|
| 700 | 1 |
_aBergés Chupani, Manuel, _eprólogo _98440 |
|
| 942 |
_2ddc _cLBS1 |
||
| 999 |
_c48964 _d48964 |
||